| 000 | 01042nas a2200349 4500 | ||
|---|---|---|---|
| 001 | BR0805246 | ||
| 003 | BR-BrBNA | ||
| 005 | 20231205112414.0 | ||
| 007 | ta | ||
| 008 | 230509b bl.|||p| |||| 00| 00por d | ||
| 040 |
_aBR-BrBNA _bpor _cBiblioteca Nacional de Agricultura |
||
| 041 | _a(Pt) | ||
| 072 | _aQ03 | ||
| 100 | 1 | _aGallina, D. | |
| 100 | 1 | _aSimm, K.C.B. | |
| 100 | 1 | _aFatel, E.C. de S. | |
| 245 | 1 | _aQualidade higiênico-sanitária da merenda escolar oferecida no Município de Lindoeste, PR | |
| 650 | _aALIMENTO | ||
| 650 | _aESCOLA | ||
| 650 | _aCONTROLE DE QUALIDADE | ||
| 650 | _aINSPEÇÃO SANITÁRIA | ||
| 650 | _aSAÚDE PÚBLICA | ||
| 650 | _aSEGURANÇA ALIMENTAR | ||
| 650 | _aVALOR NUTRITIVO | ||
| 650 | _aHIGIENE DE ALIMENTO | ||
| 650 | _aCONTAMINAÇÃO | ||
| 650 | _aCOLIFORME | ||
| 650 | _aANÁLISE MICROBIOLÓGICA | ||
| 773 | 0 |
_tHigiene Alimentar (Brazil) _xISSN 0101-9171 _g(Jan-Feb 2008), v. 22(158) p. 54-58 _wBR0805246 |
|
| 909 |
_a202311 _bLúcia _c55 _dLúcia Elande |
||
| 942 |
_2AGRIS _n0 _cANA |
||
| 999 |
_c197891 _d197891 |
||